[Event "Let's Play Chess!"]
[Site "http://www.queenalice.com/game.php?id=1871570"]
[Date "2026.4.8"]
[Round "-"]
[White "cabeca"]
[Black "alow_proton"]
[Result "1-0"]
[WhiteElo "2036"]
[BlackElo "2071"]

1. e4 c5 2. Nf3 d6 3. d4 cxd4 4. Nxd4 Nf6 5. Nc3 a6 6. Be3 Nc6 7. f3 e5 8. Nb3
b5 9. a3 Be7 10. Qd2 O-O 11. O-O-O Be6 12. Nd5 Bxd5 13. exd5 Nd4 14. Bxd4 exd4
15. Qxd4 Qc7 16. Qf2 Nd7 17. Bd3 Ne5 18. f4 Nxd3+ 19. Rxd3 Rfc8 20. Nd4 Bf6 21.
Nc6 a5 22. g4 g6 23. h4 b4 24. h5 bxa3 25. Rxa3 a4 26. hxg6 fxg6 27. g5 Bg7 28.
f5 gxf5 29. Qxf5 Bh8 30. g6 h6 31. Rxh6 Re8 32. Rh7 Bg7 33. Rf3 Re1+ 34. Kd2
Rae8 35. Qf7+ Qxf7 36. Rxf7 R1e2+ 37. Kd3 R2e3+ 38. Kc4 Re2 39. Rhxg7+ Kh8 40.
Ne7 R2xe7 41. Rxe7 1-0

[Event "AUTO-MASTER-3301"]
[Site "http://www.queenalice.com/game.php?id=1871816"]
[Date "2026.4.11"]
[Round "1"]
[White "chessman"]
[Black "cabeca"]
[Result "0-1"]
[WhiteElo "1983"]
[BlackElo "2011"]

1. e4 c5 2. Nf3 d6 3. Bb5+ Bd7 4. Bxd7+ Nxd7 5. c4 Ngf6 6. d3 e6 7. O-O Be7 8.
Re1 O-O 9. Nc3 Nb6 10. a3 h6 11. Qe2 Re8 12. Be3 d5 13. cxd5 exd5 14. exd5 Nbxd5
15. Ne4 Nxe3 16. Nxf6+ Bxf6 17. fxe3 Qb6 18. Rab1 Rad8 19. e4 c4+ 20. d4 Bxd4+
21. Nxd4 Rxd4 22. Kh1 Qe6 23. e5 f5 24. Rbd1 Re4 25. Qf2 Qxe5 26. Rxe4 Qxe4 27.
h3 b6 28. Qd2 Re7 0-1

[Event "AUTO-MASTER-3301"]
[Site "http://www.queenalice.com/game.php?id=1871817"]
[Date "2026.4.11"]
[Round "1"]
[White "cabeca"]
[Black "chessman"]
[Result "1-0"]
[WhiteElo "2053"]
[BlackElo "2104"]

1. e4 e6 2. d4 d5 3. e5 c5 4. c3 cxd4 5. cxd4 Nc6 6. Nf3 Qb6 7. Nc3 Nge7 8. Bb5
Bd7 9. Bxc6 Nxc6 10. b3 Bb4 11. Bb2 O-O 12. O-O Rac8 13. Rc1 f6 14. Na4 Qd8 15.
Nc5 fxe5 16. Nxd7 Qxd7 17. dxe5 Be7 18. Qd2 Rf7 19. a3 Rcf8 20. Rc2 h6 21. h3 a6
22. Nh2 Bh4 23. g3 Be7 24. f4 Bd8 25. Qe2 Bb6+ 26. Kh1 Nd4 27. Bxd4 Bxd4 28.
Rfc1 Bb6 29. Nf3 g5 30. Qg2 Rf5 31. h4 g4 32. Ne1 h5 33. Nd3 Qe7 34. b4 Qd7 35.
Nc5 Qe7 36. Qe2 Rc8 37. Qd3 Bxc5 38. Rxc5 Rxc5 39. Rxc5 Qd7 40. Qc2 Rf7 41. Qg6+
Rg7 42. Qxh5 d4 43. Rc1 d3 44. f5 Qd5+ 45. Kh2 Qd7 46. f6 d2 47. fxg7 Kxg7 48.
Qxg4+ Kf7 49. Rf1+ 1-0

[Event "AUTO-MASTER-3301"]
[Site "http://www.queenalice.com/game.php?id=1871828"]
[Date "2026.4.11"]
[Round "1"]
[White "Fauquinelle"]
[Black "cabeca"]
[Result "0-1"]
[WhiteElo "2045"]
[BlackElo "2071"]

1. d4 Nf6 2. Nf3 g6 3. Bf4 Bg7 4. e3 d6 5. Nc3 O-O 6. Bc4 Bg4 7. h3 Bxf3 8. Qxf3
c6 9. d5 c5 10. h4 Nbd7 11. O-O-O Ne5 12. Bxe5 dxe5 13. e4 a6 14. a3 b5 15. Be2
Qb6 16. g4 Rfd8 17. g5 Nh5 18. Qe3 Rab8 19. Bxh5 gxh5 20. b4 cxb4 21. Qxb6 Rxb6
22. axb4 Rc8 23. Ne2 Rc4 24. c3 Rxe4 25. Ng3 Rc4 26. Kd2 Rd6 27. Kc2 e4 28. Ne2
Rd7 29. Rh3 Rdc7 30. Kb2 Rxb4+ 31. Kc2 Ra4 32. Kb3 f5 33. Rc1 e5 34. c4 Raxc4
35. Rxc4 Rxc4 36. Rc3 Rxc3+ 37. Kxc3 a5 38. Ng3 f4 39. Nxe4 Bf8 40. Nf6+ Kf7 41.
Nxh5 Be7 42. f3 Kg6 0-1

[Event "AUTO-MASTER-3301"]
[Site "http://www.queenalice.com/game.php?id=1871829"]
[Date "2026.4.11"]
[Round "1"]
[White "cabeca"]
[Black "Fauquinelle"]
[Result "0-1"]
[WhiteElo "2086"]
[BlackElo "2083"]

1. e4 c6 2. d4 d5 3. e5 Bf5 4. Be3 e6 5. Nf3 Qb6 6. b3 c5 7. c3 cxd4 8. cxd4
Bxb1 9. Rxb1 Bb4+ 10. Bd2 Nc6 11. Bxb4 Qxb4+ 12. Qd2 Qxd2+ 13. Kxd2 Nge7 14. Bb5
O-O 15. Bxc6 bxc6 16. Rbc1 h6 17. Rc2 a5 18. Rhc1 Rfc8 19. Ne1 Rab8 20. Nd3 Rb6
21. Nc5 Nf5 22. Na4 Ra6 23. Kd3 Ne7 24. f4 f5 25. exf6 gxf6 26. g4 Kf7 27. Rg1
Rg8 28. Rcg2 Raa8 29. g5 fxg5 30. fxg5 hxg5 31. Rxg5 Rxg5 32. Rxg5 Rh8 33. Rg2
Nf5 34. Nc5 Rh3+ 35. Kd2 Nxd4 36. Rf2+ Ke7 37. Kd1 Rh8 38. Nd3 Nf5 39. Re2 Kd6
40. Ke1 Nd4 41. Rf2 Rh3 42. Nf4 Rxh2 43. Nd3 Rxf2 44. Kxf2 Nc2 45. Ke2 Nb4 46.
Nc1 d4 47. Kd2 e5 48. a3 Na6 49. Kd3 Kd5 50. Kd2 e4 51. Ne2 Ke5 52. Nc1 Nc5 0-1

[Event "AUTO-MASTER-3301"]
[Site "http://www.queenalice.com/game.php?id=1871836"]
[Date "2026.4.11"]
[Round "1"]
[White "cabeca"]
[Black "Capixabba789"]
[Result "1-0"]
[WhiteElo "2026"]
[BlackElo "1868"]

1. e4 e5 2. Nf3 d6 3. Bc4 Be7 4. c3 Nf6 5. d3 c5 6. h3 Nc6 7. O-O O-O 8. Be3 Be6
9. Bxe6 fxe6 10. Nh2 Qc8 11. f4 exf4 12. Bxf4 e5 13. Be3 d5 14. Nd2 d4 15. cxd4
cxd4 16. Bg5 Qe6 17. Bxf6 Rxf6 18. Ng4 Rxf1+ 19. Nxf1 Rf8 20. a3 Bh4 21. Rc1 h5
22. Ngh2 Qg6 23. Rc2 Nd8 24. Nf3 Bf6 25. N1d2 Ne6 26. Nc4 Nf4 27. Ncxe5 Bxe5 28.
Nxe5 Qg5 29. Nf3 Qg6 30. Kh2 b6 31. Nh4 Qg5 32. g3 Ng6 33. Nf5 Kh8 34. Nxd4 h4
35. Qg4 hxg3+ 36. Qxg3 Qf6 37. Nf5 Ne5 38. Rg2 a5 39. d4 1-0

[Event "AUTO-MASTER-3301"]
[Site "http://www.queenalice.com/game.php?id=1871837"]
[Date "2026.4.11"]
[Round "1"]
[White "Capixabba789"]
[Black "cabeca"]
[Result "0-1"]
[WhiteElo "1916"]
[BlackElo "1998"]

1. d4 Nf6 2. c4 e6 3. Nc3 d5 4. c5 c6 5. e3 Be7 6. Bd3 O-O 7. Nf3 Nbd7 8. O-O
Re8 9. Bd2 Bf8 10. Ne2 e5 11. Bc2 exd4 12. exd4 h6 13. Ng3 Ne4 14. Nxe4 dxe4 15.
Ne1 Nf6 16. Kh1 Qxd4 17. Be3 Qxd1 18. Rxd1 Be6 19. a3 Rad8 20. g3 Rxd1 21. Bxd1
Nd5 22. Ng2 Nxe3 23. Nxe3 Bxc5 24. Bc2 Bxe3 25. fxe3 f5 26. Bd1 Rd8 0-1

[Event "AUTO-MASTER-3306"]
[Site "http://www.queenalice.com/game.php?id=1873749"]
[Date "2026.5.21"]
[Round "1"]
[White "Donidon"]
[Black "cabeca"]
[Result "0-1"]
[WhiteElo "2254"]
[BlackElo "2070"]

1. e4 e5 2. Nf3 Nc6 3. Bc4 Bc5 4. O-O Nf6 5. d3 h6 6. c3 O-O 7. b4 Bb6 8. a4 a6
9. Nbd2 d5 10. exd5 Nxd5 11. Qb3 Nf4 12. Ne4 Bg4 13. Bxf4 Bxf3 14. gxf3 exf4 15.
a5 Ba7 16. d4 Qh4 17. Kh1 Qh3 18. Nd2 Ne7 19. Rae1 Nf5 20. Rg1 Nh4 21. Re7 Nxf3
22. Bxf7+ Kh8 23. Rg2 Nxd2 24. Qc2 f3 25. Rg1 Nf1 0-1